| 000 -LEADER |
| fixed length control field |
01647 a2200241 4500 |
| 003 - CONTROL NUMBER IDENTIFIER |
| control field |
Nust |
| 005 - DATE AND TIME OF LATEST TRANSACTION |
| control field |
20231106114348.0 |
| 010 ## - LIBRARY OF CONGRESS CONTROL NUMBER |
| LC control number |
2009051628 |
| 020 ## - INTERNATIONAL STANDARD BOOK NUMBER |
| International Standard Book Number |
9780071633758 (alk. paper) |
| 040 ## - CATALOGING SOURCE |
| Transcribing agency |
Nust |
| 082 00 - DEWEY DECIMAL CLASSIFICATION NUMBER |
| Classification number |
005.8,CON |
| 100 1# - MAIN ENTRY--PERSONAL NAME |
| Personal name |
Conklin, Wm. Arthur |
| 9 (RLIN) |
118609 |
| 245 10 - TITLE STATEMENT |
| Title |
Principles of computer security : |
| Remainder of title |
CompTIA security+ and beyond / |
| Statement of responsibility, etc. |
Wm. Arthur Conklin, Gregory White. |
| 250 ## - EDITION STATEMENT |
| Edition statement |
2nd ed. |
| 260 ## - PUBLICATION, DISTRIBUTION, ETC. |
| Place of publication, distribution, etc. |
San Francisco, CA : |
| Name of publisher, distributor, etc. |
McGraw-Hill Companies, |
| Date of publication, distribution, etc. |
2010. |
| 300 ## - PHYSICAL DESCRIPTION |
| Extent |
665p |
| 505 ## - FORMATTED CONTENTS NOTE |
| Formatted contents note |
Intoduction and security trends (Page-1), General security concepts (Page-19), Operational organizational security (Page-43), The role of people in security (Page-63), Cryptography (Page-77), Public key infrastructure (Page-107), Standards and protocols (Page-153), The impact of physical security on network security (Page-181), Network fundamentals (Page-195), Infrastructure security (Page-215), Remote access (Page-257), Wireless and instant messaging (Page-287), Intrusion detection system (Page-309), Security baselines (Page-337), Attacks and malware (Page-395), E-mail (Page-423), Web components (Page-439), Software development (Page-469), Disaster recovery ,business continuity and organizational policies (Page-483), Risk management (Page-511), Change management (Page-533), Previlege management (Page-549), Computer forensics (Page-569),Security and Law (Page-587). |
| 650 #0 - SUBJECT ADDED ENTRY--TOPICAL TERM |
| Topical term or geographic name entry element |
Computer networks |
| General subdivision |
Examinations |
| 9 (RLIN) |
94252 |
| 650 #0 - SUBJECT ADDED ENTRY--TOPICAL TERM |
| Topical term or geographic name entry element |
Computer technicians |
| General subdivision |
Certification |
| 9 (RLIN) |
118610 |
| 650 #0 - SUBJECT ADDED ENTRY--TOPICAL TERM |
| Topical term or geographic name entry element |
Electronic data processing personnel |
| General subdivision |
Certification. |
| 9 (RLIN) |
81704 |
| 700 1# - ADDED ENTRY--PERSONAL NAME |
| Personal name |
White, Gregory B. |
| 9 (RLIN) |
118611 |
| 942 ## - ADDED ENTRY ELEMENTS (KOHA) |
| Source of classification or shelving scheme |
|
| Koha item type |
Book |